UBT Library

Krahasimi i protokolleve të sigurisë për Skype dhe Vuber me veglën Wireshark (Record no. 45546)

000 -LEADER
fixed length control field 00324nam a22001217a 4500
008 - FIXED-LENGTH DATA ELEMENTS--GENERAL INFORMATION
fixed length control field 180425b xxu||||| |||| 00| 0 eng d
041 ## - LANGUAGE CODE
Language code of text/sound track or separate title eng
080 ## - UNIVERSAL DECIMAL CLASSIFICATION NUMBER
Universal Decimal Classification number 043.3
100 ## - Rafti
Rafti 0
101 ## - Shkurtesa
Shkurtesa SHKI-BTH
245 ## - TITLE STATEMENT
Title Krahasimi i protokolleve të sigurisë për Skype dhe Vuber me veglën Wireshark
Statement of responsibility, etc Jonuzi,E
942 ## - ADDED ENTRY ELEMENTS (KOHA)
Source of classification or shelving scheme
Item type Books
Holdings
Withdrawn status Lost status Source of classification or shelving scheme Damaged status Not for loan Collection code Permanent location Current location Shelving location Date acquired Total Checkouts Full call number Barcode Date last seen Price effective from Koha item type
          Koleksioni i përgjithshem UBT - Lipjan UBT - Lipjan Disertacionet 04/25/2018   043.3 Jonuzi,E 2015 002-3003071 04/25/2018 04/25/2018 Books
          Koleksioni i përgjithshem UBT - Lipjan UBT - Lipjan Disertacionet 04/25/2018   043.3 Jonuzi,E 2015 002-3003072 04/25/2018 04/25/2018 Books
          Koleksioni i përgjithshem UBT - Lipjan UBT - Lipjan Disertacionet 04/25/2018   043.3 Jonuzi,E 2015 002-3003066 04/25/2018 04/25/2018 Books
          Koleksioni i përgjithshem UBT - Lipjan UBT - Lipjan Disertacionet 04/25/2018   043.3 Jonuzi,E 2015 002-3003067 04/25/2018 04/25/2018 Books
          Koleksioni i përgjithshem UBT - Lipjan UBT - Lipjan Disertacionet 04/25/2018   043.3 Jonuzi,E 2015 002-3003065 04/25/2018 04/25/2018 Books
UBT Library © 2015-2024. All rights reserved University Education for Business and Technology